Breznianska trma-vrma

Podrobná bibliografia
Hlavný autor: Kunovská, Vlasta (Autor)
Médium: Článok
Jazyk:slovenčina
ISSN:0323-2883
Predmet:

MARC

LEADER 00000nab a2200000 a 4500
001 vtls000751608
003 SK-MaSNL
005 20260303200051.0
008 140416c2001 xo 0 slo
015 |a SNBRB2001/03-08834 
035 |a CLN000103402 
040 |a SNKBUCL  |b slo  |c SNKBUCL  |e AACR2 
041 0 |a slo 
044 |a xo  |c SK 
080 |a 792.077(437.6)  |2 1997 
100 1 |a Kunovská, Vlasta  |4 aut  |9 6018 
245 1 0 |a Breznianska trma-vrma  |c Vlasta Kunovská 
610 7 |a Divadelný súbor Jána Chalupku  |2 snkbucl  |9 230415 
655 7 |a články z novín a časopisov  |2 snkbucl  |9 267496 
773 0 |t Javisko  |g Roč. 33, č. 2 (2001), s. 37  |x 0323-2883 
850 |a Slovenská národná knižnica v Martine 
852 |a SNK  |b KIS3GCP 
958 |a SK 
992 |a RBX 
999 |c 2166196  |d 2168126